Miasta w serii Wiedźmin - Statystyki

Ogólne statystyki
  • Ten quiz został rozwiązany 1 006 razy
  • Średni wynik to 9 z 22
Statystyki odpowiedzi
Hint Odpowiedź % Poprawnych
Stolica Temerii Wyzima
89%
Miasto w której znajduje się słynny uniwersytet Oxenfurt
85%
Największe miasto w uniwersum Wiedźmina Novigrad
84%
Siedziba Krwawego Barona Wrońce
74%
Stolica państwa skąd wywodzi się Geralt Rivia
57%
Stolica Aedirn, stamtąd pochodzi słynna czarodziejka Vengerberg
55%
Stolica imerium Emhyra var Emreis'a Nilfgaard
54%
Miasto w Aedirn, od nazwy tego miasta przydomek wziął pewien wiedźmin ze szkoły Żmii Guleta
50%
Redańskie miasteczko w którym mieszkał Stregobor Blaviken
48%
Stolica Toussaint Beauclair
47%
Stolica Cintry Cintra
44%
Stolica Redanii Tretogor
43%
Miasto elfów nad jeziorem Muinne Loc Muinne
31%
Największe miasto Velen Gors Velen
30%
Stolica Lyrii Lyria
30%
Drugie co do wielkości miasto w Temerii Maribor
22%
Miasto z domami w skałach, zamieszkują je krasnoludy Vergen
22%
Stolica Kaedwen Ard Carraigh
20%
Największe miasto portowe na Skellige Kaer Trolde
20%
Elfickie miasto portowe, stolica Cidaris Cidaris
14%
Letnia stolica Koviru i Poviss Pont Vanis
12%
Stolica Verden Nastrog
5%
Nie znaleziono quizów pasujących do podanych kryteriów
Rozkład punktacji
Procent ludzi z każdym wynikiem
Percentyl według liczby udzielonych odpowiedzi
Twoja historia wyników
Nie rozwiązałeś tego quizu